000 00297nam a2200121Ia 4500
005 20260326235441.0
008 260326s9999||||xx |||||||||||||| ||und||
100 _aHess, Alan
245 0 _aOscar Niemeyer Houses /
_cAlan Hess
260 _bRizzoli
650 _aARQUITECTURA RESIDENCIAL
942 _cBK
999 _c7420
_d7420